000 00739nam a2200205 a 4500
001 000034050
005 20200930070731.0
008 110921s1967 ag 000 0 spa d
040 _aDO-SdBNP
_bspa
_cBNPHU
082 _axxxx
_bB877m, 1967
100 1 _aBrown, Arturo I.
_959491
245 1 0 _aMaravillosamente hecho /
_cArturo I. Brown ; versión castellana Raquel Boqué.
250 _a2a ed.
260 _aArgentina :
_bCasa Bautista de Publicaciones,
_c1967.
300 _a71 p. ;
_c19 cm.
490 1 _aBiblioteca de libros condensados
500 _aEl cuerpo humano- "La obra maestra de Dios" a la luz de la biblia y la ciencia médica
700 1 _aBoqué, Raquel
_etr.
_959492
830 0 _aBiblioteca de libros condensados
_959493
999 _c33541
_d33541